<?xml version="1.0" encoding="UTF-8"?>
<record
    xmlns:xsi="http://www.w3.org/2001/XMLSchema-instance"
    xsi:schemaLocation="http://www.loc.gov/MARC21/slim http://www.loc.gov/standards/marcxml/schema/MARC21slim.xsd"
    xmlns="http://www.loc.gov/MARC21/slim">

  <leader>01251cas a2200325 i 4500</leader>
  <controlfield tag="001">000037100</controlfield>
  <controlfield tag="003">DO-SdBNP</controlfield>
  <controlfield tag="005">20260318140114.0</controlfield>
  <controlfield tag="007">ta</controlfield>
  <controlfield tag="008">120213c2003    dr tr1p|r|   ||   |0spa d</controlfield>
  <datafield tag="040" ind1=" " ind2=" ">
    <subfield code="a">DO-SdBNP</subfield>
    <subfield code="b">spa</subfield>
    <subfield code="c">BNPHU</subfield>
    <subfield code="e">rda</subfield>
  </datafield>
  <datafield tag="041" ind1=" " ind2=" ">
    <subfield code="h">spa</subfield>
  </datafield>
  <datafield tag="110" ind1=" " ind2=" ">
    <subfield code="a">Falconbridge Dominicana</subfield>
    <subfield code="9">10755</subfield>
  </datafield>
  <datafield tag="245" ind1="0" ind2="1">
    <subfield code="a">El puente Halcon : </subfield>
    <subfield code="b">bolet&#xED;n de la falconbridge dominicana.</subfield>
  </datafield>
  <datafield tag="264" ind1=" " ind2=" ">
    <subfield code="a">Bonao, Rep&#xFA;blica Dominicana : </subfield>
    <subfield code="b">Fanconbridge Dominicana, </subfield>
    <subfield code="c">2003.</subfield>
  </datafield>
  <datafield tag="300" ind1=" " ind2=" ">
    <subfield code="a">volumen :</subfield>
    <subfield code="b">ilustraciones, fotograf&#xED;as ;</subfield>
    <subfield code="c">28 cm.</subfield>
  </datafield>
  <datafield tag="310" ind1=" " ind2=" ">
    <subfield code="a">Cuatrimestral.</subfield>
  </datafield>
  <datafield tag="336" ind1=" " ind2=" ">
    <subfield code="a">texto</subfield>
    <subfield code="b">txt </subfield>
    <subfield code="2">rdacontent</subfield>
  </datafield>
  <datafield tag="337" ind1=" " ind2=" ">
    <subfield code="a">sin mediaci&#xF3;n </subfield>
    <subfield code="b">n </subfield>
    <subfield code="2">rdamedia</subfield>
  </datafield>
  <datafield tag="338" ind1=" " ind2=" ">
    <subfield code="a">volumen </subfield>
    <subfield code="b">nc </subfield>
    <subfield code="2">rdacarrier</subfield>
  </datafield>
  <datafield tag="362" ind1="1" ind2=" ">
    <subfield code="a">No. 8 (julio-septiembre 2003).</subfield>
  </datafield>
  <datafield tag="500" ind1=" " ind2=" ">
    <subfield code="a">50 Aniversario.</subfield>
  </datafield>
  <datafield tag="500" ind1=" " ind2=" ">
    <subfield code="a">Catalogaci&#xF3;n basada en el no. 8 (enero-septiembre 2005).</subfield>
  </datafield>
  <datafield tag="500" ind1=" " ind2=" ">
    <subfield code="a">Publicaci&#xF3;n de Falconbridge Dominicana.</subfield>
  </datafield>
  <datafield tag="500" ind1=" " ind2=" ">
    <subfield code="a">Catalogaci&#xF3;n basada en el: (julio-septiembre 2003).</subfield>
  </datafield>
  <datafield tag="610" ind1=" " ind2="0">
    <subfield code="a">Falconbridge Dominicana</subfield>
    <subfield code="9">10755</subfield>
    <subfield code="v">Publicaciones peri&#xF3;dicas </subfield>
  </datafield>
  <datafield tag="650" ind1=" " ind2="0">
    <subfield code="a">Miner&#xED;a</subfield>
    <subfield code="9">89239</subfield>
    <subfield code="v">Publicaciones peri&#xF3;dicas </subfield>
    <subfield code="z">Rep&#xFA;blica Dominicana</subfield>
  </datafield>
  <datafield tag="650" ind1=" " ind2="0">
    <subfield code="a">Empresas internacionales </subfield>
    <subfield code="9">47948</subfield>
    <subfield code="v">Publicaciones peri&#xF3;dicas </subfield>
    <subfield code="z">Rep&#xFA;blica Dominicana</subfield>
  </datafield>
  <datafield tag="942" ind1=" " ind2=" ">
    <subfield code="2">ddc</subfield>
    <subfield code="c">ISSUE</subfield>
  </datafield>
  <datafield tag="952" ind1=" " ind2=" ">
    <subfield code="0">0</subfield>
    <subfield code="1">0</subfield>
    <subfield code="2">ddc</subfield>
    <subfield code="4">0</subfield>
    <subfield code="5">6</subfield>
    <subfield code="7">0</subfield>
    <subfield code="8">SE</subfield>
    <subfield code="a">PD</subfield>
    <subfield code="b">PD</subfield>
    <subfield code="d">2012-04-11</subfield>
    <subfield code="e">4</subfield>
    <subfield code="h">No. 13:  2007 marz..-jun..)</subfield>
    <subfield code="i">201204112007070620110828</subfield>
    <subfield code="l">0</subfield>
    <subfield code="o"> </subfield>
    <subfield code="p">37100-13-1</subfield>
    <subfield code="r">2020-08-08</subfield>
    <subfield code="t">e.1</subfield>
    <subfield code="w">2020-08-08</subfield>
    <subfield code="y">ISSUE</subfield>
    <subfield code="z">Edici&#xF3;n especial: 25 aniversario</subfield>
  </datafield>
  <datafield tag="952" ind1=" " ind2=" ">
    <subfield code="0">0</subfield>
    <subfield code="1">0</subfield>
    <subfield code="2">ddc</subfield>
    <subfield code="4">0</subfield>
    <subfield code="5">6</subfield>
    <subfield code="7">0</subfield>
    <subfield code="8">SE</subfield>
    <subfield code="a">PD</subfield>
    <subfield code="b">PD</subfield>
    <subfield code="d">2012-04-11</subfield>
    <subfield code="e">4</subfield>
    <subfield code="h">No. 8 (2005 Jul.-sept.)</subfield>
    <subfield code="i">201204112012041120111028</subfield>
    <subfield code="l">0</subfield>
    <subfield code="o"> </subfield>
    <subfield code="p">37100-8-1</subfield>
    <subfield code="r">2020-08-08</subfield>
    <subfield code="t">e.1</subfield>
    <subfield code="w">2020-08-08</subfield>
    <subfield code="y">ISSUE</subfield>
    <subfield code="z">Edici&#xF3;n especial: 25 aniversario.</subfield>
  </datafield>
  <datafield tag="952" ind1=" " ind2=" ">
    <subfield code="0">0</subfield>
    <subfield code="1">0</subfield>
    <subfield code="2">ddc</subfield>
    <subfield code="4">0</subfield>
    <subfield code="5">6</subfield>
    <subfield code="7">0</subfield>
    <subfield code="8">SE</subfield>
    <subfield code="a">PD</subfield>
    <subfield code="b">PD</subfield>
    <subfield code="d">2012-04-11</subfield>
    <subfield code="e">4</subfield>
    <subfield code="h">No. 8 (2005 Jul.-sept.)</subfield>
    <subfield code="i">2012041120120411</subfield>
    <subfield code="l">0</subfield>
    <subfield code="o"> </subfield>
    <subfield code="p">37100-8-2</subfield>
    <subfield code="r">2020-08-08</subfield>
    <subfield code="t">e.2</subfield>
    <subfield code="w">2020-08-08</subfield>
    <subfield code="y">ISSUE</subfield>
    <subfield code="z">Edici&#xF3;n especial: 25 aniversario.</subfield>
  </datafield>
  <datafield tag="952" ind1=" " ind2=" ">
    <subfield code="0">0</subfield>
    <subfield code="1">0</subfield>
    <subfield code="2">ddc</subfield>
    <subfield code="4">0</subfield>
    <subfield code="5">6</subfield>
    <subfield code="7">0</subfield>
    <subfield code="8">SE</subfield>
    <subfield code="a">BNPHU</subfield>
    <subfield code="b">BNPHU</subfield>
    <subfield code="d">2026-03-18</subfield>
    <subfield code="h">Julio-septiembre, 2003</subfield>
    <subfield code="l">0</subfield>
    <subfield code="p">2026-2363</subfield>
    <subfield code="r">2026-03-18</subfield>
    <subfield code="t">e.1</subfield>
    <subfield code="w">2026-03-18</subfield>
    <subfield code="y">ISSUE</subfield>
    <subfield code="z">Reconocimiento, A&#xF1;os de Servicio.</subfield>
  </datafield>
  <datafield tag="952" ind1=" " ind2=" ">
    <subfield code="0">0</subfield>
    <subfield code="1">0</subfield>
    <subfield code="2">ddc</subfield>
    <subfield code="4">0</subfield>
    <subfield code="5">6</subfield>
    <subfield code="7">0</subfield>
    <subfield code="8">SE</subfield>
    <subfield code="a">BNPHU</subfield>
    <subfield code="b">BNPHU</subfield>
    <subfield code="d">2026-03-18</subfield>
    <subfield code="h">Julio-septiembre, 2003</subfield>
    <subfield code="l">0</subfield>
    <subfield code="p">2026-2364</subfield>
    <subfield code="r">2026-03-18</subfield>
    <subfield code="t">e.2</subfield>
    <subfield code="w">2026-03-18</subfield>
    <subfield code="y">ISSUE</subfield>
    <subfield code="z">Reconocimiento, A&#xF1;os de Servicio.</subfield>
  </datafield>
  <datafield tag="952" ind1=" " ind2=" ">
    <subfield code="0">0</subfield>
    <subfield code="1">0</subfield>
    <subfield code="2">ddc</subfield>
    <subfield code="4">0</subfield>
    <subfield code="5">6</subfield>
    <subfield code="7">0</subfield>
    <subfield code="8">SE</subfield>
    <subfield code="a">BNPHU</subfield>
    <subfield code="b">BNPHU</subfield>
    <subfield code="d">2026-03-18</subfield>
    <subfield code="h">no. 2. eneroo-marzo, 2004</subfield>
    <subfield code="l">0</subfield>
    <subfield code="p">2026-2365</subfield>
    <subfield code="r">2026-03-18</subfield>
    <subfield code="t">e.1</subfield>
    <subfield code="w">2026-03-18</subfield>
    <subfield code="y">ISSUE</subfield>
    <subfield code="z">Otro, A&#xF1;o en el que seguimos trabajando.</subfield>
  </datafield>
  <datafield tag="952" ind1=" " ind2=" ">
    <subfield code="0">0</subfield>
    <subfield code="1">0</subfield>
    <subfield code="2">ddc</subfield>
    <subfield code="4">0</subfield>
    <subfield code="5">6</subfield>
    <subfield code="7">0</subfield>
    <subfield code="8">SE</subfield>
    <subfield code="a">BNPHU</subfield>
    <subfield code="b">BNPHU</subfield>
    <subfield code="d">2026-03-18</subfield>
    <subfield code="h">No. 2. eneroo-marzo, 2004</subfield>
    <subfield code="l">0</subfield>
    <subfield code="p">2026-2366</subfield>
    <subfield code="r">2026-03-18</subfield>
    <subfield code="t">e.2</subfield>
    <subfield code="w">2026-03-18</subfield>
    <subfield code="y">ISSUE</subfield>
    <subfield code="z">Otro, A&#xF1;o en el que seguimos trabajando.</subfield>
  </datafield>
  <datafield tag="952" ind1=" " ind2=" ">
    <subfield code="0">0</subfield>
    <subfield code="1">0</subfield>
    <subfield code="2">ddc</subfield>
    <subfield code="4">0</subfield>
    <subfield code="5">6</subfield>
    <subfield code="7">0</subfield>
    <subfield code="8">SE</subfield>
    <subfield code="a">BNPHU</subfield>
    <subfield code="b">BNPHU</subfield>
    <subfield code="d">2026-03-18</subfield>
    <subfield code="h">No. 3. abril-junio, 2004</subfield>
    <subfield code="l">0</subfield>
    <subfield code="p">2026-2367</subfield>
    <subfield code="r">2026-03-18</subfield>
    <subfield code="t">e.1</subfield>
    <subfield code="w">2026-03-18</subfield>
    <subfield code="y">ISSUE</subfield>
    <subfield code="z">Sembrando el futuro.</subfield>
  </datafield>
  <datafield tag="952" ind1=" " ind2=" ">
    <subfield code="0">0</subfield>
    <subfield code="1">0</subfield>
    <subfield code="2">ddc</subfield>
    <subfield code="4">0</subfield>
    <subfield code="5">6</subfield>
    <subfield code="7">0</subfield>
    <subfield code="8">SE</subfield>
    <subfield code="a">BNPHU</subfield>
    <subfield code="b">BNPHU</subfield>
    <subfield code="d">2026-03-18</subfield>
    <subfield code="h">No. 3. abril-junio, 2004</subfield>
    <subfield code="l">0</subfield>
    <subfield code="p">2026-2368</subfield>
    <subfield code="r">2026-03-18</subfield>
    <subfield code="t">e.2</subfield>
    <subfield code="w">2026-03-18</subfield>
    <subfield code="y">ISSUE</subfield>
    <subfield code="z">Sembrando el futuro.</subfield>
  </datafield>
  <datafield tag="952" ind1=" " ind2=" ">
    <subfield code="0">0</subfield>
    <subfield code="1">0</subfield>
    <subfield code="2">ddc</subfield>
    <subfield code="4">0</subfield>
    <subfield code="5">6</subfield>
    <subfield code="7">0</subfield>
    <subfield code="8">SE</subfield>
    <subfield code="a">BNPHU</subfield>
    <subfield code="b">BNPHU</subfield>
    <subfield code="d">2026-03-18</subfield>
    <subfield code="h">No. 3. abril-junio, 2004</subfield>
    <subfield code="l">0</subfield>
    <subfield code="p">2026-2369</subfield>
    <subfield code="r">2026-03-18</subfield>
    <subfield code="t">e.3</subfield>
    <subfield code="w">2026-03-18</subfield>
    <subfield code="y">ISSUE</subfield>
    <subfield code="z">Sembrando el futuro.</subfield>
  </datafield>
  <datafield tag="952" ind1=" " ind2=" ">
    <subfield code="0">0</subfield>
    <subfield code="1">0</subfield>
    <subfield code="2">ddc</subfield>
    <subfield code="4">0</subfield>
    <subfield code="5">6</subfield>
    <subfield code="7">0</subfield>
    <subfield code="8">SE</subfield>
    <subfield code="a">BNPHU</subfield>
    <subfield code="b">BNPHU</subfield>
    <subfield code="d">2026-03-18</subfield>
    <subfield code="h">No. 4. junio-septiembre, 2004</subfield>
    <subfield code="l">0</subfield>
    <subfield code="p">2026-2370</subfield>
    <subfield code="r">2026-03-18</subfield>
    <subfield code="t">e.1</subfield>
    <subfield code="w">2026-03-18</subfield>
    <subfield code="y">ISSUE</subfield>
    <subfield code="z">Nuevos pasos de avance.</subfield>
  </datafield>
  <datafield tag="952" ind1=" " ind2=" ">
    <subfield code="0">0</subfield>
    <subfield code="1">0</subfield>
    <subfield code="2">ddc</subfield>
    <subfield code="4">0</subfield>
    <subfield code="5">6</subfield>
    <subfield code="7">0</subfield>
    <subfield code="8">SE</subfield>
    <subfield code="a">BNPHU</subfield>
    <subfield code="b">BNPHU</subfield>
    <subfield code="d">2026-03-18</subfield>
    <subfield code="h">No. 4. junio-septiembre, 2004</subfield>
    <subfield code="l">0</subfield>
    <subfield code="p">2026-2371</subfield>
    <subfield code="r">2026-03-18</subfield>
    <subfield code="t">e.2</subfield>
    <subfield code="w">2026-03-18</subfield>
    <subfield code="y">ISSUE</subfield>
    <subfield code="z">Nuevos pasos de avance.</subfield>
  </datafield>
  <datafield tag="952" ind1=" " ind2=" ">
    <subfield code="0">0</subfield>
    <subfield code="1">0</subfield>
    <subfield code="2">ddc</subfield>
    <subfield code="4">0</subfield>
    <subfield code="5">6</subfield>
    <subfield code="7">0</subfield>
    <subfield code="8">SE</subfield>
    <subfield code="a">BNPHU</subfield>
    <subfield code="b">BNPHU</subfield>
    <subfield code="d">2026-03-18</subfield>
    <subfield code="h">No. 12. noviembre-febrero, 2007</subfield>
    <subfield code="l">0</subfield>
    <subfield code="p">2026-2372</subfield>
    <subfield code="r">2026-03-18</subfield>
    <subfield code="t">e.1</subfield>
    <subfield code="w">2026-03-18</subfield>
    <subfield code="y">ISSUE</subfield>
    <subfield code="z">Un compromiso que nos llena de pasi&#xF3;n. </subfield>
  </datafield>
  <datafield tag="999" ind1=" " ind2=" ">
    <subfield code="c">36590</subfield>
    <subfield code="d">36590</subfield>
  </datafield>
</record>
